| 000 | 00582nam a2200109Ia 4500 | ||
|---|---|---|---|
| 008 | 171212s9999 xx 000 0 und d | ||
| 100 | _aCarman, Katherine Grace;Chandra, Anita;Miller, Carolyn;Trujillo, Matthew D.;Yeung, Douglas | ||
| 245 |
_cCarman, Katherine Grace;Chandra, Anita;Miller, Carolyn;Trujillo, Matthew D.;Yeung, Douglas _aDevelopment of the Robert Wood Johnson Foundation National Survey of Health Attitudes _bDescription and Top-Line Summary Data |
||
| 260 |
_bRAND Corporation _c2016 |
||
| 650 | _aHealth Sciences | ||
| 856 | _uhttp://jstor.org/stable/10.7249/j.ctt19rmdjx | ||
| 999 |
_c351953 _d351953 |
||